000 00556nam a2200193 4500
003 OSt
005 20240621031150.0
006 a
008 240621b |||||||| |||| 00| 0 eng d
020 _a9710871226
040 _aDWCL-Main lib.
_cOC
082 _aFil. 616.89 Z94a 2011
245 _aAbnormal psychology /
260 _aMandaluyong City :
_bNational Book Store,
_cc2011.
300 _axvii,
_b338 p. : ill. ;
_c22 cm.
504 _aIncludes bibliographical references.
650 _a1. Abnormal psychology.
942 _2ddc
_n0
_cBK - FIL
_kFil.
999 _c1059
_d1059